00606nam a2200157Ia 4500008004100000040001700041041001200058082001600070100005200086245007500138260006700213300001100280942000700291952013300298999001700431230917s9999||||xx |||||||||||||| ||und|| e187045aMAIN aEnglish a301.426 I8N aInternational Institute for Population Sciences 0aNational family health survey (MCH and family planning): India 1992-93 aBombaybInternational Institute for Population Scienceesc1995 a402 p. cBK 0010406301_426000000000000_I8N709122406aMAINbMAINd2011-08-03l0o301.426 I8Np156528r2023-09-17 20:58:41w2023-09-17yBK c80027d80027